Winnie the Pooh adora a primavera (Registo nº 1980)

Detalhes MARC
000 -Etiqueta do registo
Cabeçalho 00710nam a22002531 4500
005 - Identificador da versão
Campo de controlo 20240827105853.0
010 ## - Número internacional normalizado dos livros (ISBN)
Número (ISBN) 9727504779
021 ## - Número do Depósito Legal
Código do país PT
Número 182886/02
100 ## - Dados gerais de processamento
Dados gerais de processamento 20060620d2002 bc y0pory5003 ba
101 1# - Língua de publicação
Língua do texto, banda sonora, etc. Português
Língua do documento no original Inglês
102 ## - Pais de publicação ou produção
País de publicação Portugal
105 ## - Campo de dados codificados: livros
Dados codificados dos livros a z00y000fy
106 ## - Campo de dados codificados: material textual
Dados codificados do material textual r
200 1# - Titulo e menção de responsabilidade
Título próprio Winnie the Pooh adora a primavera
Primeira menção de responsabilidade Disney
Outras menções de responsabilidade trad. Teresa Augusto
210 ## - Publicação, Distribuição, etc. 
Lugar da edição, distribuição, etc. Rio de Mouro
Nome do editor, distribuidor, etc. Everest
Data da publicação, distribuição, etc. D.L. 2002
215 ## - Descrição física 
Indicação específica da natureza do documento e extensão da espécie 31, [1] p.
Outras indicações físicas muito il.
Dimensões 22 cm
225 2# - Colecção 
Título próprio da colecção Os meus contos com Winnie
606 ## - Nome comum usado como assunto
Número de registo de entrada de autoridade 0000001
Palavra de ordem Literatura estrangeira infantil
Subdivisão de assunto Conto
675 ## - Classificação Decimal Universal (CDU)
Notação 82-34
Edição
Língua da edição por
702 #1 - Nome de autor-pessoa física (responsabilidade secundária)
Número de registo de entrada de autoridade 0000645
Palavra de ordem Augusto
Outra parte do nome não tomada para palavra de ordem Teresa
Código de função Tradutor
710 02 - Nome de colectividade-autor (responsabilidade principal)
Número de registo de entrada de autoridade 0000644
Palavra de ordem Walt Disney
942 ## - Elementos de entrada adicionados (Koha)
Tipo de item no Koha Livro
Exemplares
Situação do levantamento Origin of item (home branch) (coded) Biblioteca de empréstimo Código de barras Cota Circulation type (not for loan) Tipo de documento Nota do exemplar Damaged status
  Biblioteca Escolar da Coca Maravilhas Biblioteca Escolar da Coca Maravilhas BECM7563/06 8EST DIS   Livro Sem mensagem